Responses for show #6202 - Tuesday, July 26, 2011

Contestants

[<< previous game]

Andrew Bach, a lawyer from Columbia, Missouri

Graig Zethner, a computer engineer from East Meadow, New York

Linda Percy, a retired emergency room physician from Connellsville, Pennsylvania (whose 2-day cash winnings total $50,000)

[next game >>]

Jeopardy! Round responses

SANDWICHES
SIDES
SUBS
TOSSED SALAD
DESERTS
R.B.s
    $200 1
an egg salad sandwich

Linda
    $200 26
"(You Ain't Nothin' But A) Hound Dog"

Triple Stumper
    $200 16
a periscope

Graig
    $200 21
Queen Elizabeth

Linda
    $200 11
chocolate

Graig
    $200 6
rubber bands

Andrew
    $400 2
grilled cheese

Andrew
    $400 27
Dark Side Of The Moon

Linda
    $400 17
Germany

Graig
    $400 22
iodine

Linda
    $400 10
Charles Dickens

Linda
    $400 12
red-blooded

Linda
    $600 3
tuna sandwich

Triple Stumper
    $600 28
(Andrew: What is "Like a Virgin"?)

"Like A Prayer"

Andrew
Triple Stumper
    $600 18
(Andrew: Who is George Herbert?)

Frank Herbert

LindaAndrew
    $600 23
the laser

Andrew
    $600 9
Dorian Gray

Graig
    $600 13
the right brain

Andrew
    $800 4
turkey

Linda
    $800 29
Marvin Gaye

Graig
    $800 19
(Linda: Who is James Watt?)

Robert Fulton

Linda
    $800 25
36

Graig
    $800 8
The Count of Monte Cristo

Graig
    $800 15
Ralph Bunche

Linda
    $1000 5
(Linda: What is smoked tongue?)

smoked meat

Linda
Triple Stumper
    $1000 30
Carole King

Linda
    $1000 20
(Andrew: What is the Merrimack?)
(Graig: What is the Monitor?)
(Linda: What is the Henley?)

the Hunley

LindaGraigAndrew
Triple Stumper
    $1000 24
Dunkirk

Linda
    $1000 7
Pilgrim's Progress

Andrew
    $1000 14
running board

Linda

Scores at the first commercial break (after clue 15):

Linda Graig Andrew
$2,600 $1,600 $2,200

Scores at the end of the Jeopardy! Round:

Linda Graig Andrew
$4,400 $2,800 $600

Double Jeopardy! Round responses

OPERAS WITH CHARACTER
WEIGHTS & MEASURES
U.S. PLACE NAMES
LETTERMAN
(Alex: We'll need the name and the letters.)
"J"
LATE NIGHT TV
    $400 1
Madame Butterfly

Graig
    $400 16
fathom

Graig
    $400 3
Cape Cod

Andrew
    $400 13
P.T. Barnum

Andrew
    $400 8
a jamb

Linda
    $400 23
Joan Rivers

Linda
    $800 2
William Tell

Graig
    $800 17
a barrel

Linda
    $800 4
Queens

Andrew
    $800 14
I.M. Pei

Andrew
    $800 9
a jinx

Linda
    $800 24
Arsenio Hall

Linda
    $1,000 28
(Linda: What is Così fan tutte?)

The Magic Flute

Linda
    $1200 19
an angstrom

Graig
    $1200 5
the Spanish American War

Andrew
    $1200 15
M.C. Escher

Graig
    $1200 10
Josh/josh

Andrew
    $1200 25
Craig Ferguson

Andrew
    $1600 29
(Graig: Who is Amahl?)

The Flying Dutchman

Graig
Triple Stumper
    $1600 20
a furlong

Linda
    $1600 6
Mustang

Andrew
    $1600 18
B.F. Skinner

Graig
    $2,000 11
jovial

Andrew
    $1600 26
Bill Maher

Graig
    $2000 30
Tristan und Isolde

Triple Stumper
    $2000 21
nanometers

Triple Stumper
    $2000 7
Needles

Triple Stumper
    $2000 22
W.E.B. DuBois

Linda
    $2000 12
a joiner

Linda
    $2000 27
(Graig: What is The Late Late Show?)

Tomorrow

LindaGraig

Scores at the end of the Double Jeopardy! Round:

Linda Graig Andrew
$14,200 $6,400 $10,200

[wagering suggestions for these scores]

Final Jeopardy! Round responses

THE NEW TESTAMENT
GraigWhat is [several responses crossed out] water to wine
$1,800
AndrewWhat is feeding the 5000 (loaves + fishes)
$10,200
LindaWhat are the loaves loaves and fishes (feeding)
$6,201
the miracle of the loaves & fishes

Final scores:

Linda Graig Andrew
$20,401 $4,600 $20,400
3-day champion: $70,401 3rd place: $1,000 2nd place: $2,000

Game dynamics:

Coryat scores:

Linda Graig Andrew
$16,000 $6,400 $9,800
21 R,
4 W
(including 2 DDs)
14 R,
3 W
14 R
(including 1 DD),
3 W

Combined Coryat: $32,200

The J! Archive is created by fans, for fans. The Jeopardy! game show and all elements thereof, including but not limited to copyright and trademark thereto, are the property of Jeopardy Productions, Inc. and are protected under law. This website is not affiliated with, sponsored by, or operated by Jeopardy Productions, Inc. Join the discussion at JBoard.tv.